书目信息 |
| 题名: |
群狼战术
|
|
| 作者: | 周庆 , 易鸣 , 向升瑜 著 | |
| 分册: | ||
| 出版信息: | 北京 中国人民大学出版社 2018 |
|
| 页数: | 227页 | |
| 开本: | 24cm | |
| 丛书名: | 华为营销方法丛书 | |
| 单 册: | ||
| 中图分类: | F632.765.3 | |
| 科图分类: | ||
| 主题词: | 通信企业--tong xin qi ye--企业管理--营销管理--经验--广东省--深圳市 | |
| 电子资源: | ||
| ISBN: | 978-7-300-26035-8 | |
| 000 | 01835nam 2200349 450 | |
| 001 | 012001006018 | |
| 005 | 20131015105253.0 | |
| 010 | @a978-7-300-26035-8@b精装@dCNY58.00 | |
| 099 | @aCAL 012019034454 | |
| 100 | @a20181220d2018 em y0chiy50 ea | |
| 101 | 0 | @achi |
| 102 | @aCN@b110000 | |
| 105 | @ay a 000yy | |
| 106 | @ar | |
| 200 | 1 | @a群狼战术@Aqun lang zhan shu@e华为销售团队建设与激励法则@d= Wolves' tactics@esales team building and sales rule of Huawei@f周庆, 易鸣, 向升瑜著@zeng |
| 210 | @a北京@c中国人民大学出版社@d2018 | |
| 215 | @a227页@d24cm | |
| 225 | 2 | @a华为营销方法丛书@Ahua wei ying xiao fang fa cong shu |
| 314 | @a周庆, 企业经营管理、市场营销管理专家。易鸣, 资深管理顾问、营销培训讲师。 | |
| 320 | @a有书目 (第227页) | |
| 330 | @a很多企业管理者都意识到销售团队建设与激励的重要性, 但是在实际操作过程中往往感觉无从下手。作为当前世界领先的通信设备供应商, 华为服务于全球九十多个国家和地区的客户。从最初艰难市场环境下的求生存, 到近几年终端业务的崛起, 华为在这个过程中积累了丰富的经验, 对于打造优秀的销售团队拥有了自己的一套方法。本书按照团队组建、能力建设、目标确定、客户关系、团队协同、冲突化解、风险应对、团队激励、持续成长九个方面, 对华为销售团队建设的方法进行了深入浅出的解读, 为广大企业管理者学习华为的销售团队建设提供了一把钥匙。 | |
| 333 | @a本书可供企业管理相关人员参考阅读 | |
| 410 | 0 | @12001 @a华为营销方法丛书 |
| 510 | 1 | @aWolves' tactics@esales team building and sales rule of Huawei@zeng |
| 517 | 1 | @a华为销售团队建设与激励法则@Ahua wei xiao shou tuan dui jian she yu ji li fa ze |
| 606 | 0 | @a通信企业@Atong xin qi ye@x企业管理@x营销管理@x经验@y广东省@y深圳市 |
| 690 | @aF632.765.3@v5 | |
| 701 | 0 | @a周庆@Azhou qing@4著 |
| 701 | 0 | @a易鸣@Ayi ming@4著 |
| 701 | 0 | @a向升瑜@Axiang sheng yu@4著 |
| 801 | 0 | @aCN@b上海新华@c20191020 |
| 905 | @b1098462-3@dF632.765.3@e20@f2 | |
| 群狼战术:华为销售团队建设与激励法则= Wolves' tactics:sales team building and sales rule of Huawei/周庆, 易鸣, 向升瑜著.-北京:中国人民大学出版社,2018 |
| 227页;24cm.-(华为营销方法丛书) |
| 使用对象:本书可供企业管理相关人员参考阅读 |
| ISBN 978-7-300-26035-8(精装):CNY58.00 |
| 很多企业管理者都意识到销售团队建设与激励的重要性, 但是在实际操作过程中往往感觉无从下手。作为当前世界领先的通信设备供应商, 华为服务于全球九十多个国家和地区的客户。从最初艰难市场环境下的求生存, 到近几年终端业务的崛起, 华为在这个过程中积累了丰富的经验, 对于打造优秀的销售团队拥有了自己的一套方法。本书按照团队组建、能力建设、目标确定、客户关系、团队协同、冲突化解、风险应对、团队激励、持续成长九个方面, 对华为销售团队建设的方法进行了深入浅出的解读, 为广大企业管理者学习华为的销售团队建设提供了一把钥匙。 |
| ● |
| 相关链接 |
|
|
|
|
正题名:群狼战术
索取号:F632.765.3/20
 
预约/预借
| 序号 | 登录号 | 条形码 | 馆藏地/架位号 | 状态 | 备注 |
| 1 | 1098462 | 210984620 | 第一样本阅览室/ [索取号:F632.765.3/20] | 在馆 | |
| 2 | 1098463 | 210984639 | 第一借阅区/ [索取号:F632.765.3/20] | 在馆 |